<?xml version="1.0" encoding="UTF-8"?>
<record
    xmlns:xsi="http://www.w3.org/2001/XMLSchema-instance"
    xsi:schemaLocation="http://www.loc.gov/MARC21/slim http://www.loc.gov/standards/marcxml/schema/MARC21slim.xsd"
    xmlns="http://www.loc.gov/MARC21/slim">

  <leader>00883naa a2200181 i 4500</leader>
  <controlfield tag="001">9143</controlfield>
  <controlfield tag="003">KOSZ 005</controlfield>
  <controlfield tag="005">20180319115226.0</controlfield>
  <controlfield tag="008">151120s1996    pl  n  f     |100  0pol</controlfield>
  <datafield tag="040" ind1=" " ind2=" ">
    <subfield code="c">BPK</subfield>
    <subfield code="d">KOSZ 005/EG</subfield>
  </datafield>
  <datafield tag="100" ind1="1" ind2=" ">
    <subfield code="a">BOGDA&#x143;SKI, Marek.</subfield>
    <subfield code="d">1991 - 1996.</subfield>
    <subfield code="b">Wy&#x17C;sza Szko&#x142;a In&#x17C;ynierska w Koszalinie - Wydzia&#x142; Mechaniczny,</subfield>
    <subfield code="g">Katedra Nauk Pedagogicznych</subfield>
  </datafield>
  <datafield tag="245" ind1="1" ind2="0">
    <subfield code="a">Sposoby obiektywizacji oceny lekcji kole&#x17C;e&#x144;skich /</subfield>
    <subfield code="c">Marek Bogda&#x144;ski, Stanis&#x142;aw Soko&#x142;owski.</subfield>
  </datafield>
  <datafield tag="650" ind1=" " ind2="0">
    <subfield code="a">Kszta&#x142;cenie.</subfield>
  </datafield>
  <datafield tag="655" ind1=" " ind2="0">
    <subfield code="a">Materia&#x142;y konferencyjne.</subfield>
  </datafield>
  <datafield tag="700" ind1="1" ind2=" ">
    <subfield code="a">SOKO&#x141;OWSKI, Stanis&#x142;aw.</subfield>
    <subfield code="d">1972 - 1996.</subfield>
    <subfield code="b">Wy&#x17C;sza Szko&#x142;a In&#x17C;ynierska w Koszalinie - Zak&#x142;ad Nowych Technik Nauczania</subfield>
  </datafield>
  <datafield tag="773" ind1="0" ind2=" ">
    <subfield code="i">W :</subfield>
    <subfield code="t">Og&#xF3;lnopolskie Seminarium Pedagogiki Szko&#x142;y Wy&#x17C;szej. -</subfield>
    <subfield code="d">Szczecin ; Warszawa : Wydaw. Naukowe Uniwersytetu Szczeci&#x144;skiego. -</subfield>
    <subfield code="g">1996, nr 7, s. 58-64</subfield>
  </datafield>
  <datafield tag="942" ind1=" " ind2=" ">
    <subfield code="c">ART</subfield>
    <subfield code="2">UKD</subfield>
  </datafield>
  <datafield tag="999" ind1=" " ind2=" ">
    <subfield code="c">9143</subfield>
    <subfield code="d">9143</subfield>
  </datafield>
</record>
